000 00424cam a2200169ua 4500
041 _aeng
_h
082 _a658.4
_bCLE/EX
100 _aCleeton, Glen U .
245 _aExecutive ability /
_cGlen U Cleeton.
_hTextual Documents
250 _a1 /
_b.
260 _aOhio :
_bThe Autioch Press Publishers ,
_c1948.
300 _a540 ; .
504 _a
700 1 _aMason, Charles W .
942 _cBK
999 _c1535
_d1535